Mathematics of digital images : creation, compression, restoration, recognition /
Guardado en:
| Autor Principal: | |
|---|---|
| Formato: | Libro |
| Idioma: | English |
| Publicado: |
Cambridge ; New York :
Cambridge University Press,
c2006.
|
| Materias: | |
| Acceso en línea: | Publisher description Table of contents only Contributor biographical information |
| Etiquetas: |
Agregar Etiqueta
Sin Etiquetas, Sea el primero en etiquetar este registro!
|
| LEADER | 01185cam a22002657a 4500 | ||
|---|---|---|---|
| 001 | MAT.inmabb006833 | ||
| 008 | 061226s2006####enkac####b####001#0#eng#d | ||
| 005 | 20140313145118.0 | ||
| 245 | 1 | 0 | |a Mathematics of digital images : |b creation, compression, restoration, recognition / |c S.G. Hoggar. |
| 260 | |a Cambridge ; |a New York : |b Cambridge University Press, |c c2006. | ||
| 300 | |a xxxii, 854 p. : |b il., retr. ; |c 26 cm. | ||
| 504 | |a Incluye referencias bibliográficas e índice. | ||
| 510 | 4 | |a MR, |c 2008f:68001 | |
| 020 | |a 0521780292 | ||
| 020 | |a 9780521780292 | ||
| 100 | 1 | |a Hoggar, S. G. | |
| 650 | 0 | |a Image processing |x Digital techniques |x Mathematics. | |
| 084 | |a 68-01 (00-01 68U10 92C55 94A08) |2 msc2000 | ||
| 010 | |a 2006286288 | ||
| 016 | 7 | |a 013296587 |2 Uk | |
| 040 | |a UKM |c UKM |d BAKER |d BWKUK |d YDXCP |d OCLCQ |d IXA |d DLC | ||
| 856 | 4 | 2 | |3 Publisher description |u http://www.loc.gov/catdir/enhancements/fy0617/2006286288-d.html |
| 856 | 4 | 1 | |3 Table of contents only |u http://www.loc.gov/catdir/enhancements/fy0617/2006286288-t.html |
| 856 | 4 | 2 | |3 Contributor biographical information |u http://www.loc.gov/catdir/enhancements/fy0732/2006286288-b.html |
| 859 | |h 68 |i H716 |p A-8866 |b BIB. MATEMATICA | ||
